Statistiques concernant Pokémon inspirés par des animaux - Clic Quiz #2

Cliquez ici pour prendre le quiz!

Statistiques générales

  • Ce quiz a été pris 1 109 fois
  • Le résultat moyen est 24 sur 40

Statistiques - réponses

HintRéponse% Correct
ÉcrémeuhVache
84%
StariÉtoile de mer
82%
ApitriniAbeille
78%
OratoriaOtarie
77%
CapumainSinge
77%
MygavoltAraignée
75%
FermiteFourmi
75%
DodoalaKoala
74%
PtyranidurTyrannosaure rex
73%
CoatoxCrapaud
72%
CharmillonPapillon
72%
SpoinkCochon
69%
AflamanoirFourmilier
67%
NéméliosLion
67%
KyogreBaleine
66%
XerneasCerf
66%
PijakoPerroquet
66%
CouafarelCaniche
65%
SonistrelleChauve-souris
65%
BazoucanToucan
65%
CabriolaineChèvre
63%
MélokrikCriquet
63%
MangloutonMangouste
62%
ViskuseMéduse
61%
ChamallotDromadaire
59%
ZoruaRenard
56%
BraisillonRouge-gorge
56%
SancokiLimace
55%
CaratrocTortue
52%
RongrigouÉcureuil
50%
MoustillonLoutre
50%
NigosierCormoran
45%
SerpangMurène
44%
OhmassacreLamproie
42%
LinéonBlaireau
38%
KrakosPoulpe
36%
SabelettePangolin
34%
SepiatopSeiche
34%
MiradarMarmotte
33%
MaraisteSalamandre
24%

Distribution des résultats

Percentile par nombre de réponses

% des personnes avec chaque résultat

Votre développement - résultats

Vous n’avez pas pris ce quiz